000
00324nam a22001337a 4500
003
SGT
020
_a
9789383962075
082
_a
891.4309
_b
R15K
100
_a
कुमार, विनोद
245
_a
रेड जोन
260
_b
अनुज्ञा बुक्स
_c
2015
300
_a
400
942
_2
ddc
_c
BK
999
_c
30954
_d
30954